An Introduction to distance measurement in astronomy (Record no. 18260)

MARC details
000 -LEADER
fixed length control field 00552nam a2200181Ia 4500
003 - CONTROL NUMBER IDENTIFIER
control field IN-BaIIA
008 - FIXED-LENGTH DATA ELEMENTS--GENERAL INFORMATION
fixed length control field 211028s9999 xx 000 0 eng d
020 ## - INTERNATIONAL STANDARD BOOK NUMBER
International Standard Book Number 978-0-470-51180-0
040 ## - CATALOGING SOURCE
Transcribing agency IIA Library
080 ## - UNIVERSAL DECIMAL CLASSIFICATION NUMBER
Universal Decimal Classification number 52-13
Item number DEG
100 ## - MAIN ENTRY--PERSONAL NAME
Personal name De Grijs, Richard
9 (RLIN) 34948
245 #3 - TITLE STATEMENT
Title An Introduction to distance measurement in astronomy
Statement of responsibility, etc. Richard De Grijs
260 ## - PUBLICATION, DISTRIBUTION, ETC.
Place of publication, distribution, etc. West Sussex
Name of publisher, distributor, etc. John Wiley & Sons
Date of publication, distribution, etc. 2011
300 ## - PHYSICAL DESCRIPTION
Extent xii, 313p.
650 ## - SUBJECT ADDED ENTRY--TOPICAL TERM
Topical term or geographic name entry element Astronomy - methodology
9 (RLIN) 15060
650 ## - SUBJECT ADDED ENTRY--TOPICAL TERM
Topical term or geographic name entry element Cosmological distances - measurment
9 (RLIN) 34949
942 ## - ADDED ENTRY ELEMENTS (KOHA)
Koha item type Books
Holdings
Withdrawn status Lost status Damaged status Not for loan Home library Current library Shelving location Date acquired Source of acquisition Cost, normal purchase price Total Checkouts Full call number Barcode Date last seen Cost, replacement price Price effective from Koha item type Purchase Price
        IIA Library-Bangalore IIA Library-Bangalore General Stacks 19/03/2012 EDS 2781.00   52-13/ DEG 19182 05/11/2021 2781.00 19/03/2012 Books Rs. 2781.00

Powered by Koha